Marvel's Secret Wars Characters - Statistics

General Stats
  • This quiz has been taken 37 times
  • The average score is 31 of 39
Answer Stats
Picture Answer % Correct
Captain America
100%
Cyclops
96%
Dr. Doom
96%
Galactus
96%
Hulk
96%
Human Torch
96%
Iron Man
96%
Mr. Fantastic
96%
Professor X
96%
She-Hulk
96%
Spider-Man
96%
Storm
96%
The Thing
96%
Thor
96%
Wasp
96%
Wolverine
96%
Colossus
93%
Hawkeye
93%
Kang the Conqueror
93%
Rogue
93%
Lizard
89%
Magneto
89%
Nightcrawler
89%
Ultron
89%
Dr. Octopus
86%
Spider-Woman
86%
Absorbing Man
71%
Enchantress
68%
Klaw
57%
Titania
57%
Captain Marvel
54%
Molecule Man
54%
Beyonder
50%
Lockheed the Dragon
43%
Wrecker
43%
Piledriver
36%
Bulldozer
32%
Thunderball
32%
Volcana
18%
No matching quizzes found
Score Distribution
Percent of People with Each Score
Percentile by Number Answered
Your Score History
You have not taken this quiz